Score 0/50 Timer 03:00
0 Plays Today
Answer % Correct
BBC
89.7%
Google
89.7%
Facebook
82.1%
Amazon
74.4%
Yahoo
74.4%
Twitter
71.8%
Bing
51.3%
Sky
51.3%
Youtube
51.3%
Instagram
43.6%
The sun
43.6%
MSN
38.5%
Wikipedia.org
35.9%
Guardian
30.8%
Daily Mail
28.2%
Tesco
28.2%
Apple
25.6%
Microsoft
25.6%
Telegraph
25.6%
Reddit
20.5%
Ask
17.9%
BT
17.9%
LinkedIn
15.4%
IMDB
12.8%
Pinterest
10.3%
Answer % Correct
Skysports
10.3%
AOL
7.7%
Argos
7.7%
HSBC
7.7%
Natwest
7.7%
Tumblr
7.7%
Barclays
5.1%
Gumtree
5.1%
Rightmove
5.1%
Wordpress
5.1%
Zoopla
5.1%
Paypal
5.1%
Lloyds TSB
2.6%
Tripadvisor
2.6%
VirginMedia
2.6%
AVG
0%
Autotrader
0%
Babylon
0%
Conduit
0%
Direct.gov.uk
0%
Halifax Online
0%
live.com
0%
National Lottery
0%
Santandaer
0%
Snapdo
0%
Remove Ads.
Support Sporcle.
Get the best of Sporcle when you Go Orange. This ad-free experience offers more features, more stats, and more fun while also helping to support Sporcle. Thank you for becoming a member.

You're not logged in!

Compare scores with friends on all Sporcle quizzes.
OR
Log In

Show Comments

Extras

Created Oct 23, 2013SourceReportNominate
Tags:Top 50, Website

Top Quizzes Today


Score Distribution

Your Account Isn't Verified!

In order to create a playlist on Sporcle, you need to verify the email address you used during registration. Go to your Sporcle Settings to finish the process.

Report this User

Report this user for behavior that violates our Community Guidelines.

Details: